| 000 | 00608nam a22002057a 4500 | ||
|---|---|---|---|
| 005 | 20251108174827.0 | ||
| 008 | 250721s9999 xx 000 0 eng d | ||
| 082 | 1 | 4 | _aJ/372.6/ENG |
| 100 | 1 |
_aرفاعي, محمد إيهاب _eمشرف |
|
| 245 | 1 | 0 | _aEnglish Letters Bag / |
| 246 | 1 | 1 | _aحقيبة الحروف الإنجليزية |
| 264 | 1 |
_aحلب : _bدار القلم العربي, _c(200-). |
|
| 300 | _a(31p.) | ||
| 650 | 1 | 7 | _achildren |
| 650 | 1 | 7 | _aLEARNING |
| 650 | 1 | 7 | _aENGLISH |
| 653 | _aأطفال ما قبل المدرسة (0-5) سنوات | ||
| 942 |
_2ddc _cBK |
||
| 999 |
_c119114 _d119114 |
||